Cómo funciona un edificio: principios elementales
Kaydedildi:
| Asıl Yazarlar: | , |
|---|---|
| Materyal Türü: | Kitap |
| Dil: | İspanyolca |
| Baskı/Yayın Bilgisi: |
Barcelona
Gustavo Gili
2008
|
| Edisyon: | 1a. ed |
| Konular: | |
| Etiketler: |
Etiketle
Etiket eklenmemiş, İlk siz ekleyin!
|
MARC
| LEADER | 00000cam a2200000 a 4500 | ||
|---|---|---|---|
| 001 | UCD2313 | ||
| 003 | CL-VaPUC | ||
| 008 | 160421e20080000sp |||||||||||||||||spa|d | ||
| 020 | |a 9788425210891 | ||
| 082 | 0 | 4 | |a 725 |b ALL |2 21 |
| 100 | 0 | |a Allen, Edward |e author |9 585640 | |
| 700 | 0 | |a Swoboda, David |e author |9 585641 | |
| 245 | 1 | 0 | |a Cómo funciona un edificio: principios elementales |
| 250 | |a 1a. ed | ||
| 300 | |a 258 p | ||
| 942 | |c BK | ||
| 945 | |d 20160421 23:07:00 |a arojas | ||
| 260 | |a Barcelona |b Gustavo Gili |c 2008 | ||
| 650 | 0 | |a Edificios |9 260501 | |
| 650 | 0 | |a Diseño arquitectónico |9 265271 | |
| 583 | |a last modification |c 20160421 23:07:00 |k Rodrigo Vera | ||
| 999 | |c 363475 |d 363473 | ||
| 952 | |0 0 |1 0 |3 erb |4 0 |6 725_000000000000000_ALL_2008 |7 0 |8 A |9 475925 |a BIBARQ |b BIBARQ |i 5282837 |l 6 |o 725 ALL 2008 |p 5282837 |r 2025-05-02 |s 2025-04-25 |w 2019-11-24 |y BK |z Catalogado en:20160421 |k ARQ | ||